| 000 | 00702nam a2200181Ia 4500 | ||
|---|---|---|---|
| 999 |
_c22008 _d22008 |
||
| 003 | OSt | ||
| 005 | 20201230101508.0 | ||
| 008 | 190216s9999||||xx |||||||||||||| ||und|| | ||
| 020 | _a | ||
| 040 | _coclc | ||
| 082 |
_a891.43913 _bJAF/G |
||
| 100 |
_aJafri, Sardar _96370 |
||
| 245 | 0 |
_aGhalib And His Poetry / _bSardar Jafri ; Qurratulain Hyder |
|
| 260 |
_bPopular Prakashan, _c1970. _aBombay: |
||
| 300 | _a92p | ||
| 650 | _aIslamic History | ||
| 942 |
_cBK _2ddc _h891.43913 _iJAF/G _k891.43913 _mJAF/G |
||